| 000 | 00000nam##2200000za#4500 |
| 001 | 9.614634 |
| 003 | CaOODSP |
| 005 | 20200706133915 |
| 007 | ta |
| 008 | 150406|1998||||xxc||||| f|0| 0 eng|d |
| 020 | |a0-660-17666-1 |
| 022 | |a1200-5223 |
| 040 | |aCaOODSP|beng |
| 043 | |an-cn--- |
| 086 | 1 |aCS11-0019/120E |
| 245 | 00|aAre there high-tech industries or only high-tech firms? : |bEvidence from new technology-based firms / |cby John R. Baldwin and Guy Gellatly. |
| 260 | |aOttawa - Ontario : |bStatistics Canada. |c1998. |
| 300 | |avii, 53p. : |bgraphs, tables ; |c28 cm. |
| 490 | 1 |aResearch paper series|x1200-5223|vNo. 120 |
| 500 | |aContents: Introduction.--Existing classification schemes of high-tech or knowledge-based industries.--A competency-based approach.--An industrial taxonomy.--A comparison of firm-based and other industry-based classification schemes.--Innovation, skill intensity, technovation: do they have separate dimensions?--Conclusion.--Appendix A: list of industries.--References. |
| 504 | |aBibliography. |
| 563 | |aSoftcover |
| 590 | |a98-50|b1998-12-11 |
| 690 | 07|aHigh technology|2gcpds |
| 690 | 07|aIndustry|2gcpds |
| 710 | 2 |aStatistics Canada. |bAnalytical Studies Branch. |
| 720 | 1 |aBaldwin, John R. |
| 720 | 1 |aGellatly, Guy |
| 776 | 0#|tAre there high-tech industries or only high-tech firms? : |w(CaOODSP)9.574618 |
| 830 | #0|aResearch paper series,|x1200-5223|vNo. 120|w(CaOODSP)9.514463 |